<?xml version="1.0" encoding="UTF-8"?>
<record
    xmlns:xsi="http://www.w3.org/2001/XMLSchema-instance"
    xsi:schemaLocation="http://www.loc.gov/MARC21/slim http://www.loc.gov/standards/marcxml/schema/MARC21slim.xsd"
    xmlns="http://www.loc.gov/MARC21/slim">

  <leader>02734nam0a22004571  4500</leader>
  <controlfield tag="001">RU\NLR\A1\2165</controlfield>
  <controlfield tag="005">20260409064853.0</controlfield>
  <datafield tag="035" ind1=" " ind2=" ">
    <subfield code="a">(NLR Aleph) 009672188</subfield>
  </datafield>
  <datafield tag="090" ind1=" " ind2=" ">
    <subfield code="a">9666793</subfield>
    <subfield code="c">9666793</subfield>
  </datafield>
  <datafield tag="100" ind1=" " ind2=" ">
    <subfield code="a">19960522d1766    m  y0rusy50      ca</subfield>
  </datafield>
  <datafield tag="101" ind1="0" ind2=" ">
    <subfield code="a">rus</subfield>
  </datafield>
  <datafield tag="102" ind1=" " ind2=" ">
    <subfield code="a">RU</subfield>
  </datafield>
  <datafield tag="140" ind1=" " ind2=" ">
    <subfield code="a">y   y            cayaa0000  </subfield>
  </datafield>
  <datafield tag="200" ind1="1" ind2=" ">
    <subfield code="a">&#x41A;&#x43E;&#x43C;&#x435;&#x434;&#x438;&#x44F; &#x41D;&#x435;&#x447;&#x430;&#x44F;&#x43D;&#x43D;&#x430;&#x44F; &#x436;&#x435;&#x43D;&#x438;&#x434;&#x431;&#x430; &#x438;&#x43B;&#x438; &#x41E;&#x431;&#x43C;&#x430;&#x43D;&#x443;&#x442;&#x43E;&#x439; &#x441;&#x442;&#x430;&#x440;&#x438;&#x43A;</subfield>
    <subfield code="f">&#x421;&#x43E;&#x447;&#x438;&#x43D;&#x435;&#x43D;&#x43D;&#x430;&#x44F; &#x418;. &#x424;. &#x411;.</subfield>
  </datafield>
  <datafield tag="210" ind1=" " ind2=" ">
    <subfield code="a">&#x412; &#x421;&#x430;&#x43D;&#x43A;&#x442;&#x43F;&#x435;&#x442;&#x435;&#x440;&#x431;&#x443;&#x440;&#x433;&#x435;</subfield>
    <subfield code="c">[&#x442;&#x438;&#x43F;. &#x421;&#x443;&#x445;&#x43E;&#x43F;&#x443;&#x442;. &#x43A;&#x430;&#x434;&#x435;&#x442;. &#x43A;&#x43E;&#x440;&#x43F;&#x443;&#x441;&#x430;]</subfield>
    <subfield code="d">1766</subfield>
  </datafield>
  <datafield tag="215" ind1=" " ind2=" ">
    <subfield code="a">91, [1] &#x441;.</subfield>
    <subfield code="d">12&#xB0;</subfield>
  </datafield>
  <datafield tag="306" ind1=" " ind2=" ">
    <subfield code="a">&#x41D;&#x430;&#x43F;&#x435;&#x447;&#x430;&#x442;&#x430;&#x43D;&#x43E; &#x43D;&#x430; &#x441;&#x447;&#x435;&#x442; &#x415;.&#x421;.&#x425;&#x430;&#x440;&#x43B;&#x430;&#x43C;&#x43E;&#x432;&#x430;</subfield>
  </datafield>
  <datafield tag="316" ind1=" " ind2=" ">
    <subfield code="a">&#x42D;&#x43A;&#x437;. &#x420;&#x41D;&#x411; (18.131.7.49) &#x44F;&#x432;&#x43B;&#x44F;&#x435;&#x442;&#x441;&#x44F; &#x447;&#x430;&#x441;&#x442;&#x44C;&#x44E; &#x432;&#x43B;&#x430;&#x434;&#x435;&#x43B;&#x44C;&#x447;. &#x43A;&#x43E;&#x43D;&#x432;&#x43E;&#x43B;&#x44E;&#x442;&#x430;. &#x41F;&#x440;&#x438;&#x43F;&#x43B;. &#x43A;: &#x41E;&#x441;&#x442;&#x440;&#x43E;&#x433;&#x43E;&#x440;&#x441;&#x43A;&#x438;&#x439; &#x41F;.&#x41F;. &#x414;&#x440;&#x443;&#x437;&#x44C;&#x44F; &#x441;&#x43E;&#x43F;&#x435;&#x440;&#x43D;&#x438;&#x43A;&#x438;. (&#x421;&#x41F;&#x431;., 1782). &#x41D;&#x430; &#x441;.1 &#x438; 91 &#x43A;&#x440;&#x443;&#x433;&#x43B;&#x44B;&#x439; &#x448;&#x442;&#x430;&#x43C;&#x43F; &#x413;&#x41F;&#x411;.</subfield>
    <subfield code="5">NLR: 18.131.7.49</subfield>
  </datafield>
  <datafield tag="321" ind1="1" ind2=" ">
    <subfield code="a">&#x421;&#x41A; XVIII 496</subfield>
  </datafield>
  <datafield tag="482" ind1=" " ind2="0">
    <subfield code="1">001RU\NLR\A1\20414</subfield>
    <subfield code="1">2001#$a&#x414;&#x440;&#x443;&#x437;&#x44C;&#x44F; &#x441;&#x43E;&#x43F;&#x435;&#x440;&#x43D;&#x438;&#x43A;&#x438;$e&#x414;&#x440;&#x430;&#x43C;&#x43C;&#x430; &#x432; &#x43F;&#x44F;&#x442;&#x438; &#x434;&#x435;&#x439;&#x441;&#x442;&#x432;&#x438;&#x44F;&#x445; &#x441;&#x43E;&#x447;&#x438;&#x43D;&#x435;&#x43D;&#x430; &#x432; &#x421;&#x430;&#x43D;&#x43A;&#x442;&#x43F;&#x435;&#x442;&#x435;&#x440;&#x431;&#x443;&#x440;&#x433;&#x435; 1781 &#x433;&#x43E;&#x434;&#x443;.</subfield>
    <subfield code="1">700#1$6z01790$a&#x41E;&#x441;&#x442;&#x440;&#x43E;&#x433;&#x43E;&#x440;&#x441;&#x43A;&#x438;&#x439;$b&#x41F;.&#x41F;.$f1764-1834$g&#x41F;&#x430;&#x432;&#x435;&#x43B; &#x41F;&#x435;&#x442;&#x440;&#x43E;&#x432;&#x438;&#x447;$4070</subfield>
    <subfield code="9">9682273</subfield>
    <subfield code="a">&#x41E;&#x441;&#x442;&#x440;&#x43E;&#x433;&#x43E;&#x440;&#x441;&#x43A;&#x438;&#x439;, &#x41F;. &#x41F;. (1764-1834)</subfield>
    <subfield code="c">&#x412; &#x421;&#x430;&#x43D;&#x43A;&#x442;&#x43F;&#x435;&#x442;&#x435;&#x440;&#x431;&#x443;&#x440;&#x433;&#x435;</subfield>
    <subfield code="d">1782</subfield>
    <subfield code="n">&#x43F;&#x435;&#x447;&#x430;&#x442;&#x430;&#x43D;&#x43E; &#x438;&#x436;&#x434;&#x438;&#x432;&#x435;&#x43D;&#x438;&#x435;&#x43C; &#x43A;&#x43D;&#x438;&#x433;&#x43E;&#x43F;&#x440;&#x43E;&#x434;&#x430;&#x432;&#x446;&#x430; &#x421;. &#x418;. &#x428;&#x435;&#x43B;&#x44F;</subfield>
    <subfield code="o">&#x434;&#x440;&#x430;&#x43C;&#x43C;&#x430; &#x432; &#x43F;&#x44F;&#x442;&#x438; &#x434;&#x435;&#x439;&#x441;&#x442;&#x432;&#x438;&#x44F;&#x445; &#x441;&#x43E;&#x447;&#x438;&#x43D;&#x435;&#x43D;&#x430; &#x432; &#x421;&#x430;&#x43D;&#x43A;&#x442;&#x43F;&#x435;&#x442;&#x435;&#x440;&#x431;&#x443;&#x440;&#x433;&#x435; 1781 &#x433;&#x43E;&#x434;&#x443;.</subfield>
    <subfield code="p">XXXI, [1], 102 &#x441;.</subfield>
    <subfield code="t">&#x414;&#x440;&#x443;&#x437;&#x44C;&#x44F; &#x441;&#x43E;&#x43F;&#x435;&#x440;&#x43D;&#x438;&#x43A;&#x438;</subfield>
    <subfield code="u">http://vivaldi.nlr.ru/bx000017229/view</subfield>
  </datafield>
  <datafield tag="517" ind1="1" ind2=" ">
    <subfield code="a">&#x41D;&#x435;&#x447;&#x430;&#x44F;&#x43D;&#x43D;&#x430;&#x44F; &#x436;&#x435;&#x43D;&#x438;&#x434;&#x431;&#x430; &#x438;&#x43B;&#x438; &#x41E;&#x431;&#x43C;&#x430;&#x43D;&#x443;&#x442;&#x43E;&#x439; &#x441;&#x442;&#x430;&#x440;&#x438;&#x43A;</subfield>
  </datafield>
  <datafield tag="517" ind1="1" ind2=" ">
    <subfield code="a">&#x41E;&#x431;&#x43C;&#x430;&#x43D;&#x443;&#x442;&#x43E;&#x439; &#x441;&#x442;&#x430;&#x440;&#x438;&#x43A;</subfield>
  </datafield>
  <datafield tag="518" ind1="1" ind2=" ">
    <subfield code="a">&#x41A;&#x43E;&#x43C;&#x435;&#x434;&#x438;&#x44F; &#x41D;&#x435;&#x447;&#x430;&#x44F;&#x43D;&#x43D;&#x430;&#x44F; &#x436;&#x435;&#x43D;&#x438;&#x442;&#x44C;&#x431;&#x430; &#x438;&#x43B;&#x438; &#x41E;&#x431;&#x43C;&#x430;&#x43D;&#x443;&#x442;&#x44B;&#x439; &#x441;&#x442;&#x430;&#x440;&#x438;&#x43A;</subfield>
  </datafield>
  <datafield tag="518" ind1="1" ind2=" ">
    <subfield code="a">&#x41D;&#x435;&#x447;&#x430;&#x44F;&#x43D;&#x43D;&#x430;&#x44F; &#x436;&#x435;&#x43D;&#x438;&#x442;&#x44C;&#x431;&#x430; &#x438;&#x43B;&#x438; &#x41E;&#x431;&#x43C;&#x430;&#x43D;&#x443;&#x442;&#x44B;&#x439; &#x441;&#x442;&#x430;&#x440;&#x438;&#x43A;</subfield>
  </datafield>
  <datafield tag="518" ind1="1" ind2=" ">
    <subfield code="a">&#x41E;&#x431;&#x43C;&#x430;&#x43D;&#x443;&#x442;&#x44B;&#x439; &#x441;&#x442;&#x430;&#x440;&#x438;&#x43A;</subfield>
  </datafield>
  <datafield tag="620" ind1=" " ind2=" ">
    <subfield code="d">&#x421;&#x430;&#x43D;&#x43A;&#x442;-&#x41F;&#x435;&#x442;&#x435;&#x440;&#x431;&#x443;&#x440;&#x433;</subfield>
  </datafield>
  <datafield tag="700" ind1=" " ind2="1">
    <subfield code="6">z01790</subfield>
    <subfield code="a">&#x411;&#x435;&#x440;&#x433;</subfield>
    <subfield code="b">&#x418;. &#x444;&#x43E;&#x43D;</subfield>
    <subfield code="g">&#x418;&#x43E;&#x433;&#x430;&#x43D;&#x43D; &#x444;&#x43E;&#x43D;</subfield>
    <subfield code="4">070</subfield>
  </datafield>
  <datafield tag="702" ind1=" " ind2="1">
    <subfield code="4">570</subfield>
    <subfield code="7">ca</subfield>
    <subfield code="8">rus</subfield>
    <subfield code="a">&#x425;&#x430;&#x440;&#x43B;&#x430;&#x43C;&#x43E;&#x432;</subfield>
    <subfield code="b">&#x415;. &#x421;.</subfield>
    <subfield code="f">1734-1785</subfield>
    <subfield code="g">&#x415;&#x432;&#x441;&#x442;&#x438;&#x433;&#x43D;&#x435;&#x439; &#x421;&#x430;&#x432;&#x432;&#x438;&#x447;</subfield>
    <subfield code="9">168171</subfield>
    <subfield code="3">RU\NLR\AUTH\770168219</subfield>
  </datafield>
  <datafield tag="712" ind1="0" ind2="2">
    <subfield code="4">610</subfield>
    <subfield code="a">&#x421;&#x443;&#x445;&#x43E;&#x43F;&#x443;&#x442;&#x43D;&#x44B;&#x439; &#x43A;&#x430;&#x434;&#x435;&#x442;&#x441;&#x43A;&#x438;&#x439; &#x43A;&#x43E;&#x440;&#x43F;&#x443;&#x441;</subfield>
    <subfield code="c">&#x41F;&#x435;&#x442;&#x435;&#x440;&#x431;&#x443;&#x440;&#x433;</subfield>
    <subfield code="b">&#x422;&#x438;&#x43F;&#x43E;&#x433;&#x440;&#x430;&#x444;&#x438;&#x44F;</subfield>
    <subfield code="3">RU\NLR\AUTH\880627520</subfield>
    <subfield code="9">2659888</subfield>
  </datafield>
  <datafield tag="790" ind1=" " ind2="0">
    <subfield code="6">z01700</subfield>
    <subfield code="a">&#x418;. &#x424;. &#x411;.</subfield>
  </datafield>
  <datafield tag="801" ind1=" " ind2="0">
    <subfield code="a">RU</subfield>
    <subfield code="b">NLR</subfield>
    <subfield code="c">19960522</subfield>
  </datafield>
  <datafield tag="852" ind1=" " ind2=" ">
    <subfield code="a">NLR</subfield>
    <subfield code="j">18.131.7.49</subfield>
  </datafield>
  <datafield tag="899" ind1=" " ind2=" ">
    <subfield code="a">&#x420;&#x413;&#x411;</subfield>
  </datafield>
  <datafield tag="899" ind1=" " ind2=" ">
    <subfield code="a">&#x412;&#x41E;&#x423;&#x41D;&#x411;</subfield>
  </datafield>
  <datafield tag="899" ind1=" " ind2=" ">
    <subfield code="a">&#x411;&#x410;&#x41D;</subfield>
  </datafield>
  <datafield tag="899" ind1=" " ind2=" ">
    <subfield code="a">&#x41A;&#x43E;&#x441;&#x442;&#x41E;&#x423;&#x41D;&#x411;</subfield>
    <subfield code="y">2 &#x44D;&#x43A;&#x437;.</subfield>
  </datafield>
  <datafield tag="899" ind1=" " ind2=" ">
    <subfield code="a">&#x413;&#x41F;&#x418;&#x411;</subfield>
  </datafield>
  <datafield tag="942" ind1=" " ind2=" ">
    <subfield code="c">BOOK</subfield>
  </datafield>
  <datafield tag="980" ind1=" " ind2=" ">
    <subfield code="a">NB</subfield>
  </datafield>
  <datafield tag="980" ind1=" " ind2=" ">
    <subfield code="a">A1XVIIIv</subfield>
  </datafield>
  <datafield tag="995" ind1=" " ind2=" ">
    <subfield code="5">2016-05-13</subfield>
    <subfield code="b">NLR02</subfield>
    <subfield code="c">NLR02</subfield>
    <subfield code="e">RFS</subfield>
    <subfield code="f">9672188-10</subfield>
    <subfield code="k">18.131.7.49</subfield>
    <subfield code="o">0</subfield>
    <subfield code="r">BOOK</subfield>
    <subfield code="s">18131749_</subfield>
  </datafield>
</record>
